000 00864nam a22002417a 4500
005 20150602142648.0
008 150602b sp||||| |||| 00| 0 spa d
020 _a8449306523
050 _aHM216
_bE79 1999
100 1 _aEtzioni, Amitai
245 1 3 _aLa nueva regla de oro :
_bcomunidad y moralidad en una sociedad democratica /
_cAmitai Etzioni ; tr.Marco Aurelio Galmarini Rodriguez
250 _a1a ed.
260 _aBarcelona, España :
_bPaidos Iberica,
_cc1999
300 _a352 p. ;
_c24 cm.
490 1 _aPaidos estado y sociedad ;
_vNo. 66
500 _aTraduccion de: The new Golden rule. Community and morality in a democratic society
650 7 _2Lemb
_aÉtica social
650 7 _2Lemb
_aValores sociales
650 7 _2Lemb
_aComunitarismo
650 7 _2Lemb
_aDemocracia
700 1 _aGalmarini, Marco Aurelio,
_etr.
942 _2lcc
_cLIB
999 _c94551
_d94551